000 00346 a2200145 4500
001 156008
040 _cEscola São Tomás de Aquino
100 _aSYPRIANO, Lilian
240 1 0 _aO fabuloso elixir do corajoso
_lpor
245 1 0 _aO fabuloso elixir do corajoso
300 _a28
362 0 _a2006
697 _a*LITERATURA INFANTO
942 _cBK
999 _c156008
_d156008